00930nam a2200217 a 450000100100000000500170001000800410002702000150006804000250008310000350010824500920014326000720023530000210030749000440032850400320037250400730040471000610047783000510053895201060058999900170069500004195320201002035841.0131007s2003 sp 000 0 spa d a8400081315 aDO-SdBNPbspacBNPHU1 aLuque Talaván, Miguel96887110aUn universo de opiniones :bla literatura jurídica indiana /cMiguel Luque Talaván. aMadrid :bConsejo Superior de Investigaciones Científicas,c2003. a797 p. ;c25 cm.1 aBiblioteca de historia de Américav26 aBibliografía : p. 685-797 aIncluye referencias bibliográficas y notas al pie de las páginas2 aConsejo Superior de Investigaciones Científicas,94786 0aBiblioteca de historia de Américav26966078 0010507-18MOaGRbGRcOId2013-10-24iLF1l0o p41953-10r2020-06-25w2020-06-25y1ZNo se presta c41442d41442